00293nam a22001097a 4500008004100000020002200041100003200063245004100095250001700136260002200153300000800175240517b |||||||| |||| 00| 0 eng d a978-93-530-6703-8 aS. P. Robbins & T. A. Judge aOrganisational Behavior 18th Edition a18th Edition aUPbPearsonc2020 a740